000 00298nam a22001337a 4500
020 _a81-7273-274-0
082 _a425
_bGOP/C
100 _aGOPALAKRISHNAN, P.N
245 _aCONFUSING WORDS
260 _aDELHI
_bAUTHORPRESS
_c2006
300 _a159
650 _aCONFUSING WORDS
_zINDIA
942 _cBK
999 _c4058
_d4058